|
|
|
|
| LEADER |
00000cam a2200000 a 4500 |
| 001 |
vtls001097081 |
| 003 |
SK-MaSNL |
| 005 |
20260301183032.0 |
| 008 |
240226s1982 xo a grn 000 fbslo |
| 015 |
|
|
|a SNBA1982/02
|
| 020 |
|
|
|q (viazané)
|
| 035 |
|
|
|a SNK000039923
|
| 035 |
|
|
|a 93FE7B71-49A1-45AF-BC77-C582E5EEED5F
|
| 035 |
|
|
|a urn:nbn:sk:snk-am00ijyo
|
| 040 |
|
|
|a SNK
|b slo
|c SNK
|e AACR2
|
| 041 |
1 |
|
|a slo
|h eng
|
| 043 |
|
|
|a e-gr---
|a a-tu---
|
| 044 |
|
|
|a xo
|c SK
|
| 072 |
|
7 |
|a 821.111(73)-3
|x Americká próza
|2 konspekt
|
| 072 |
|
7 |
|a 929
|x Biografie
|2 konspekt
|
| 080 |
|
|
|a 902-051
|2 2011
|
| 080 |
|
|
|a 902.2
|2 2011
|
| 080 |
|
|
|a (495)
|2 2011
|
| 080 |
|
|
|a (560)
|2 2011
|
| 080 |
|
|
|a (0:82-312.6)
|2 2011
|
| 080 |
|
|
|a 821.111(73)-31
|2 2011
|
| 100 |
1 |
|
|a Stone, Irving,
|d 1903-1989
|4 aut
|9 42309
|
| 240 |
1 |
4 |
|a The Greek treausure
|l Slovensky
|
| 245 |
1 |
0 |
|a Grécky poklad
|c Irving Stone ; [z anglického originálu The Greek treausure ... preložil Dušan Janák ; ilustroval Pavel Blažo ; doslov Verona Chorváthová]
|
| 250 |
|
|
|a 2. vyd.
|
| 260 |
|
|
|a Bratislava
|b Smena
|c 1982
|e Trnava
|f Polygrafické závody
|
| 300 |
|
|
|a 573 strán, 12 nečíslovaných listov obrazových príloh
|b ilustrácie
|c 21 cm
|
| 500 |
|
|
|a Autorova poznámka. Mimo edície
|
| 504 |
|
|
|a Výberová bibliografia na strane 561-565
|
| 600 |
1 |
7 |
|a Schliemann, Heinrich,
|d 1822-1890
|2 SNKMA
|9 164832
|
| 650 |
0 |
7 |
|a archeológovia
|2 SNKPH
|9 58076
|
| 650 |
0 |
7 |
|a archeologické výskumy
|2 SNKPH
|9 74796
|
| 651 |
|
7 |
|a Grécko
|2 SNKPHgeo
|9 16240
|
| 651 |
|
7 |
|a Turecko
|2 SNKPHgeo
|9 16927
|
| 655 |
|
7 |
|a americké romány
|2 SNKPH
|9 1174
|
| 655 |
|
7 |
|a biografické romány
|2 SNKPH
|9 1532
|
| 700 |
1 |
|
|a Janák, Dušan,
|d 1940-
|4 trl
|9 86342
|
| 700 |
1 |
|
|a Blažo, Pavel,
|d 1943-
|4 ill
|9 247297
|
| 700 |
1 |
|
|a Chorváthová, Verona
|4 aft
|9 423620
|
| 852 |
|
|
|a Slovenská národná knižnica
|
| 954 |
|
|
|a beletria cudzojazyčná (svetová)
|2 lita
|
| 958 |
|
|
|a NB
|
| 958 |
|
|
|a LX
|
| 958 |
|
|
|a TL
|
| 958 |
|
|
|a UP
|
| 958 |
|
|
|a BC
|
| 968 |
|
|
|b ENG
|
| 999 |
|
|
|c 855648
|d 857578
|
| 952 |
|
|
|t P60, <04>, [BOOK], {604}
|a SNK
|b SNK
|y VYP
|7 0
|p 17A0022909
|o snkSC 54134 D1
|0 0
|1 0
|4 0
|d 1996-11-29
|l 0
|r 2004-12-31 00:00:00
|w 2026-02-24
|
| 952 |
|
|
|a SNK
|b SNK
|y PREZ
|7 0
|p 17A0855652
|o snkSC 54134
|i snkKSP 11308/81
|0 0
|1 0
|4 0
|d 2012-08-06
|f 1
|l 0
|r 2025-11-07 00:00:00
|w 2026-02-24
|